000 00766nam a2200217Ii 4500
003 JO-AjNU
008 230605s9999||||xx |||||||||||||| ||und||
017 _a2013/8/2784
020 _a978-9957-94-085-0
040 _aJO-AjNU
_bara
_erda
_cJO-AjNU
041 _aara
050 1 4 _aPJ8051 2014
100 3 _aقراءة وتحرير السواعير، إبراهيم,
_eauthor
_947602
245 0 0 _aمؤتمر الثقافة الوطني: الثقافة والمتغيرات
264 3 1 _aعمان:وزارة الثقافة،2013
300 _a453ص
336 _atext
_btxt
_2rdacontent
337 _aunmediated
_bn
_2rdamedia
338 _avolume
_bnc
_2rdacarrier
650 4 _aالأدب العربي - تاريخ ونقد - مؤتمرات - ثقافة
_947603
999 _aA20791
_c24359
_d24359